Va banque 890 - Statystyki

Ogólne statystyki
  • Ten quiz został rozwiązany 13 razy
  • Średni wynik to 17 z 48
Statystyki odpowiedzi
Hint Odpowiedź % Poprawnych
Tylu zawodników liczy drużyna futbolu amerykańskiego (bez rezerwistów) 11
83%
Tyle szczytów na Ziemi ma więcej niż 8000 m wysokości 14
83%
Ile to wynosi: liczba gatunków żółwi żyjących naturalnie w Polsce + liczba rodzimych polskich gatunków żmij 2
83%
Klub rozgrywający mecze domowe na Estadio Santiago Bernabéu Real Madryt
83%
Tyle zer ma bilion w stosowanej w Polsce tzw długiej skali 12
75%
Ile to wynosi: liczba gatunków dzikich kotowatych w Polsce + liczba gatunków polskich niedźwiedzi? 3
75%
Stolica Chile Santiago
75%
W treści hymnu tego państwa błyska się nad Tatrami i gromy dziko biją. Słowacja
75%
Tyle kwater wchodzi w skład Drzwi Gnieźnieńskich 18
67%
Ile to wynosi: liczba palców z przednich łap typowego kota domowego + liczba palców z jego tylnych łap 18
67%
wybiera nowego papieża konklawe
67%
otwarte, śródlądowe,przybrzeżne albo międzywyspowe morze
67%
Teren,na którym występuje wiele naturalnych jezior polodowcowych, np Kaszubskie albo Poznańskie pojezierze
58%
W polskim rządzie na jej czele stoi premier Rada Ministrów
58%
W tej konkurencji Szymon Ziółkowski zdobył olimpijskie złoto w Sydney rzut młotem
58%
Ten styl gry w piłce nożnej, opiera się na ciągłym ruchu zawodników i krótkich podaniach, mających na celu utrzymanie piłki. tiki-taka
58%
W tym włoskim mieście znajduje się uniwersytet uznany za najstarszy działający do dziś w Europie Bolonia
50%
Od 1978 roku w hymnie tego państwa nie ma oficjalnie słów, wcześniej obowiązywał tekst zatwierdzony przez ówczesnego dyktatora. Hiszpania
50%
"Śledź" w męskiej garderobie krawat
50%
Ta najdłuższa rzeka Włoch ma źródła w Alpach Kotyjskich Pad
50%
Płat śledziowy zwinięty w rulon z cebulą i ogórkiem w środku rolmops
42%
Ile to wynosi: liczba zębów w pysku mrówkojada wielkiego x liczba rodzin tworzących rząd gryzoni 0
33%
Ile to wynosi: liczba ramion ośmiornicy x liczba ramion kalamara 80
25%
Zawisza Czarny zginął w 1428 roku, podczas wojny z tym imperium Imperium Osmańskie
25%
Film o nastoletniej ofierze nałogu Christiane. Akcja dzieje się w Berlinie Zachodnim lat 70. My, dzieci z dworca Zoo
25%
Stolica Salwadoru San Salvador
25%
ten król wysłał Zawiszę jako posła na sobór w Konstancji Władysław Jagiełło
25%
W polskich siłach powietrznych ten samolot nazywa się jastrząb F16
17%
W hymnie tego państwa, w pierwszej osobie wypowiada się w nim Wilhelm Orański,znany też jako Wilhelm z Nassau Holandia
17%
W "Kimi-ga-yo", hymnie tego państwa zawarte jest przesłanie, by żwir drobny przez moc stuleci przemienił się w skałę i porósł mchem. Japonia
17%
Stolica Kostaryki San Jose
17%
W tym filmie Kwinto pokazuje Kramerowi "Ucho od śledzia" Va banque
17%
Ten aktor i satyryk śpiewał "Kiedy śledź wpadnie w sieć" Bohdan Smoleń
8%
W 1581 roku ukończono budowę tej słynnej florenckiej galerii sztuki. Jej pierwszym budowniczym był Giorgio Vasari Galeria Uffizi
8%
Musical Boba Fosse'a z Lizą Minnelli z 1972 roku. Akcja osadzona jest w Berlinie początku lat 30 XX wieku Kabaret
8%
Stolica Fidżi Suva
8%
W 1803 roku admirał Nelson, dowodził flotą śródziemnomorską, której zadaniem była blokada tego francuskiego portu Tulon
8%
Do tej organizacji należy jacht "Zawisza Czarny" ZHP
8%
Najwyższym szczytem tego liczącego ponad 1000 km łańcucha jest Corno Grande Apeniny
0%
Film Toma Tykwera. Tytułowa bohaterka musi szybko zdobyć dużo pieniędzy, aby uratować swojego chłopaka. Biegnij Lola, biegnij
0%
Po tej zwycięskiej bitwie stoczonej w sierpniu 1798 roku nad flotą francuską, admirał Horatio Nelson, otrzymał tytuł "Baron Nilu" bitwa pod Abukirem
0%
W tekście hymnu tego państwa jest mowa o potoku Ipiranga, nad brzegami którego to państwo w 1822 roku ogłosiło niepodległość. Brazylia
0%
Nazwa filmu, w którym, po zmianach politycznych w 1989 roku, Aleks stara się ukryć przed matką upadek NRD i Zjednoczenie Niemiec Good bye,Lenin!
0%
Admirał Nelson zginął w 1805 roku na pokładzie tego okrętu flagowego HMS Victory
0%
Dokument Leni Riefenstahl poświęcony letnim Igrzyskom Olimpijskim w Berlinie w 1936 roku Olimpiada
0%
Film S.Spielberga z Tomem Cruisem w roli szefa agencji prewencji Raport mniejszości
0%
Na tej wyspie Morza Tyrreńskiego leży wulkan o tej samej nazwie, jeden z najaktywniejszych na świecie Stromboli
0%
Ramionami lub gleby pługiem wzruszenie
0%
Nie znaleziono quizów pasujących do podanych kryteriów
Rozkład punktacji
Procent ludzi z każdym wynikiem
Percentyl według liczby udzielonych odpowiedzi
Twoja historia wyników
Nie rozwiązałeś tego quizu